| 000 | 00388nam a22001457a 4500 | ||
|---|---|---|---|
| 020 | _qHB. | ||
| 040 | _cFIZZA ISHAQ | ||
| 082 |
_a519.2 _bHOG |
||
| 100 |
_a Hogg, Robert V. _982542 |
||
| 245 |
_aProbability and Statistical Inference / _cRobert V. Hogg. |
||
| 250 | _a2, illustrated | ||
| 260 |
_bMacmillan, _c1983. |
||
| 300 |
_a533 P. ; _c 8.3 x 1.1 x 10.1 inches |
||
| 942 |
_2ddc _cBK |
||
| 999 |
_c616815 _d616815 |
||